000 00704cam a2200229 a 4500
001 1036215
005 20250208083533.0
008 891114s1990 dcu b 001 0 eng c
020 _a0880483172 (alk. paper)
050 0 0 _aRC504
_bG23 1990
082 0 0 _a616.89/1
_220
100 1 _aGabbard, Glen O.
245 1 0 _aPsychodynamic psychiatry in clinical practice /
_cGlen O. Gabbard.
260 _aWashington, DC :
_bAmerican Psychiatric Press,
_cc1990.
300 _axvi, 505 p. ;
_c24 cm.
650 0 _aPsychodynamic psychotherapy.
650 2 _aBiological Psychiatry.
650 2 _aMental Disorders
_xtherapy.
650 2 _aPsychoanalytic Therapy.
650 2 _aPsychotherapy.
942 _2lcc
_cBK
_n0
999 _c3631
_d3631